Sportifs Français de A à Z en Images - Statistiques

Statistiques générales
  • Ce quiz a été pris 651 fois
  • Le résultat moyen est 21 sur 26
Statistiques - réponses
Par images Hint Réponse % Correct
B : Karim Benzema
99%
M : Kylian Mbappé
98%
R : Teddy Riner
97%
D : Antoine Dupont
96%
Z : Zinédine Zidane
96%
H : Thierry Henry
95%
P : Tony Parker
95%
U : Samuel Umtiti
93%
N ; Yannick Noah
93%
L : Félix et Alexis Lebrun
89%
C : Eduardo Camavinga
87%
K : Nikola Karabatic
86%
T : Jo-Wilfried Tsonga
84%
F : Martin Fourcade
84%
V : Mathieu Valbuena
84%
E : Patrice Evra
84%
W : Victor Wembanyama
80%
O : Esteban Ocon
76%
A : Julian Alaphilippe
74%
G : Rudy Gobert
72%
S : Benoît Saint-Denis
66%
Y : Tony Yoka
66%
Q : Fabio Quartararo
61%
I : Jonathan Ikoné
57%
J : Matthieu Jalibert
53%
X : Daniel Xuereb
10%
Aucun quiz correspondant
Distribution des résultats
% des personnes avec chaque résultat
Percentile par nombre de réponses
Votre historique - résultats
Vous n’avez pas pris ce quiz